| 000 | 00446nam a2200169Ia 4500 | ||
|---|---|---|---|
| 008 | 220216s9999 xx 000 0 und d | ||
| 100 | _aDubash N K | ||
| 245 | 0 | _aRecovering key strategic concepts in Indias climate policy | |
| 260 |
_bEconomic and Political Weekly _c2016 |
||
| 300 | _a127-129 | ||
| 650 | _aClimate change | ||
| 650 | _aClimate policy | ||
| 650 | _aIndia | ||
| 650 | _aParis Agreement | ||
| 700 | _aKhosla R | ||
| 942 | _cJS | ||
| 999 |
_c66542 _d66542 |
||